<?xml version="1.0" encoding="UTF-8"?>
<collection xmlns="http://www.loc.gov/MARC21/slim">
 <record>
  <leader>00769nam a2200181 a 4500</leader>
  <controlfield tag="001">1/15894</controlfield>
  <controlfield tag="008">900217s1987    nyu          i10010 eng d</controlfield>
  <datafield tag="035" ind1=" " ind2=" ">
   <subfield code="l">16397</subfield>
  </datafield>
  <datafield tag="040" ind1=" " ind2=" ">
   <subfield code="a">DLC</subfield>
   <subfield code="b">GR-PeUP</subfield>
  </datafield>
  <datafield tag="082" ind1="0" ind2="0">
   <subfield code="a">337.22 FI</subfield>
  </datafield>
  <datafield tag="111" ind1="2" ind2=" ">
   <subfield code="a">United Nations Conference on Trade and Development</subfield>
   <subfield code="n">(7th :</subfield>
   <subfield code="d">1987 :</subfield>
   <subfield code="c">Geneva, Switzerland)</subfield>
  </datafield>
  <datafield tag="245" ind1="1" ind2="0">
   <subfield code="a">Final act of UNCTAD VII :</subfield>
   <subfield code="b">adopted by the United Nations Conference on Trade and Development at its seventh session (Geneva, 9 July-3 August 1987).</subfield>
  </datafield>
  <datafield tag="260" ind1="0" ind2=" ">
   <subfield code="a">New York :</subfield>
   <subfield code="b">United Nations,</subfield>
   <subfield code="c">1987.</subfield>
  </datafield>
  <datafield tag="300" ind1=" " ind2=" ">
   <subfield code="a">v, 51 p. ;</subfield>
   <subfield code="c">21 cm.</subfield>
  </datafield>
  <datafield tag="500" ind1=" " ind2=" ">
   <subfield code="a">&quot;TD/350&quot;--T.p. verso.</subfield>
  </datafield>
  <datafield tag="650" ind1=" " ind2="4">
   <subfield code="a">International economic relations</subfield>
   <subfield code="x">Congresses.</subfield>
  </datafield>
  <datafield tag="650" ind1=" " ind2="4">
   <subfield code="a">International trade</subfield>
   <subfield code="x">Congresses.</subfield>
  </datafield>
  <datafield tag="852" ind1=" " ind2=" ">
   <subfield code="a">INST</subfield>
   <subfield code="b">UNIPILB</subfield>
   <subfield code="c">MAIN</subfield>
   <subfield code="e">20040709</subfield>
   <subfield code="h">337.22 FI</subfield>
   <subfield code="p">00132232</subfield>
   <subfield code="q">00132232</subfield>
   <subfield code="t">LOAN</subfield>
   <subfield code="y">0</subfield>
   <subfield code="4">1</subfield>
  </datafield>
 </record>
</collection>
